000 00465nam a22001337a 4500
003 SGT
020 _a9788122318667
082 _a891.4309
_bN11M
100 _aमित्र, कृष्ण बिहारी
245 _aन मेधया : श्री रामकृष्ण परमहंस के प्रेरक जीवन प्रसंग
260 _bभारतीय ज्ञानपीठ
_c2011
300 _a160
942 _2ddc
_cBK
999 _c31402
_d31402